000 00467nam a2200181Ia 4500
003 IN-BaIIA
008 211028s9999 xx 000 0 eng d
040 _cIIA Library
080 _a53
_bKOM
100 _aKompaneyets, A. S
_94651
245 0 _aTheoretical physics
_cA. S. Kompaneyets
260 _aNew York
_bDover Publications
_c1962
300 _a592p.
650 _aNASA Thesaurus
650 _aPhysics
_973
650 _aTheoretical Physics
_91581
942 _cBK
999 _c4166
_d4166